000 00472nab a2200145Ia 4500
003 ES-SlBCS
005 20210601131327.0
008 140529s1985 xxu||||| |||| 00| 0 fre d
041 _afre
100 1 _aHenriot-Van Zanten, Agnès
_9183195
245 0 0 _aL'École en milieu rural: réalités et représentations
_c Agnès Henriot-Van Zanten
650 0 4 _aEscuela Rural
_9129650
773 0 _tRevue Française de Pedagogie
_gnº. 73, 1985, págs. 41-46
_wRev888
942 _cAR
999 _c561326
_d561326